000
00320nam a2200121Ia 4500
005
20251222141817.0
008
251222s9999||||xx |||||||||||||| ||spa||
020
_a
9972-606-38-4
082
_a
869.560.1/P48
245
0
_a
Antología de los Ganadores y Finalistas de la X Bienal de Poesía
264
_b
Copé
942
_c
LIB
999
_c
6668
_d
6668